000 00277nam a22001097a 4500
008 160614b xxu||||| |||| 00| 0 eng d
020 _a0397552742
041 _aeng
080 _a618.2
245 _aThinking strategies for nursing practice:
_cMarsha E. Fonteyn.
942 _2udc
_cBK
999 _c2503
_d2503